| 000 | 00773nam a2200217 4500 | ||
|---|---|---|---|
| 005 | 20250411125343.0 | ||
| 008 | 250411b |||||||| |||| 00| 0 eng d | ||
| 020 | _a9781032332277 | ||
| 037 | _cTextual | ||
| 040 |
_aRTL _cRTL |
||
| 084 |
_aDelta.2 _qRTL |
||
| 100 |
_aYadav, Nupurnima _9725910 |
||
| 245 | _aAstrology in India: A sociological inquiry | ||
| 260 |
_aLondon _bRoutledge _c2022 |
||
| 300 |
_axv, 178 p. : ill. _bIncludes bibliography references and index |
||
| 520 | _aThis book critically examines the larger world of astrology in India, its ubiquity and relationship with religion, caste , gender, class and aspirations | ||
| 650 | _areligion | ||
| 650 | _aCaste | ||
| 650 |
_aAstrology- India _9752161 |
||
| 942 |
_2CC _n0 _cTB _hDelta.2 R2 |
||
| 999 |
_c1308867 _d1308867 |
||